[Event "Olympiad Women 2024"]
[Site "Budapest HUN"]
[Date "2024.09.20"]
[Round "9.26"]
[Board "2"]
[White "Arribas Robaina, Maritza"]
[Black "Silva, Ana Ines Teixeira Da"]
[Result "1-0"]
[WhiteElo "2143"]
[BlackElo "1925"]
[PlyCount "107"]
[EventDate "2024.09.11"]
[WhiteTeam "Cuba"]
[BlackTeam "Portugal"]
[WhiteTeamCountry "CUB"]
[BlackTeamCountry "POR"]

1. e4 {Benjamin,Joel} e5 2. Nf3 Nc6 3. Bb5 a6 4. Ba4 Nf6 5. d3 b5 6. Bb3 Bc5 7. a4 Bb7 8. O-O d6 9. Nc3 b4 10. Nd5 Nxd5 ({RR} 10... Na5 11. Nxf6+ Qxf6 12. Ba2 h6 ({RR} 12... Bc8 13. Bg5 ({RR} 13. d4 exd4 14. e5) 13... Qg6 14. Be3 Bg4 15. Bxc5 Bxf3 16. Qxf3 dxc5 17. Qe3 Qd6 18. f4 O-O 19. fxe5 Qxe5 20. Rab1 Rae8 21. Rf3 c4 22. dxc4 c5) 13. c3 bxc3 14. bxc3 O-O 15. Be3 Rad8 16. Rb1 ({RR} 16. Bxc5 dxc5) 16... Bc8 17. Qe2 Be6 18. h3 ({RR} 18. Bxe6 Qxe6 19. d4 exd4 20. cxd4 Bb6 21. Nd2 d5 22. e5 Nc4 23. f4 f5 24. Rfc1) 18... Bxa2 19. Qxa2 Bxe3 20. fxe3 Qe6 21. Qxe6 ({RR} 21. Qd5 Qxd5 22. exd5 e4 23. dxe4 Nc4 24. Rb7 Rd7) 21... fxe6 22. Rb4 Rb8 ({RR} 22... Rf7 23. Rfb1 Rdf8) 23. Rfb1 Nc6 ({RR} 23... Rxb4 24. cxb4 ({RR} 24. Rxb4 Kf7) 24... Nc6 25. b5 axb5 26. Rxb5 ({RR} 26. axb5 Na7 27. b6 cxb6 28. Rxb6 Nc8 29. Rb7 Rf7 30. Rb8 Rc7 31. d4 exd4 32. exd4 Kf7) 26... Ra8 27. Rb7 Rxa4 28. Rxc7 Nb4 29. d4 Nd3) 24. Rb7 Rbc8 ({RR} 24... Rfc8 25. d4 exd4 26. Nxd4 Rxb7 27. Rxb7 Nxd4 28. exd4) 25. Kf2 {½-½ Kasparov,G (2795)-Anand,V (2725) PCA-World-ch Kasparov-Anand +4-1=13 1995 (12)} ({RR} 25. d4 d5 26. exd5 exd5 27. Nxe5 ({RR} 27. dxe5 Rfe8) 27... Nxe5 28. dxe5 Rfe8)) ({RR} 10... h6 11. a5 O-O 12. c3 Rb8 13. Bd2 bxc3 14. bxc3 Ba7 15. Be3 Bc8 16. Nxf6+ Qxf6 17. Bd5 Bxe3 18. fxe3 Na7 19. Rb1 Rxb1 20. Qxb1 c6 21. Ba2 Nb5 22. Qb2) ({RR} 10... O-O 11. Bg5) 11. Bxd5 Na5 12. Be3 $146 ({RR} 12. Bg5 Qd7 13. d4 exd4 14. Bxb7 Nxb7 15. Nxd4 f6 16. Bf4 Nd8 17. Nb3 Ba7 18. Qd5 Rb8 19. Qd3 Qc8 20. Qc4 Ne6 21. Bd2 O-O 22. Bxb4 Kh8 23. Bd2 Re8 24. Rfe1 Ng5 25. Qd3 Ne6 26. Rab1 Bc5 {1-0 Brustman,A (2380)-Glazik,M (2115) POL-ch (Women) 1999}) ({RR} 12. Bxb7 Nxb7 13. Bg5 Qd7 14. d4 exd4 15. Nxd4 O-O 16. Nf5 Qe6 17. Qg4 Rfe8 18. Bh4 Qg6 19. Ne7+ Rxe7 20. Qxg6 hxg6 21. Bxe7 f6 22. e5 Kf7 23. exf6 gxf6 24. Rae1 Re8 25. Bxf6 Rxe1 26. Rxe1 Kxf6 {0-1 Tynyshtyk,D (1312)-Zholzhanov,O (1293) Aktobe U14 op 2022 (8)}) ({RR} 12. Bxb7 Nxb7 13. d4 exd4 14. Nxd4 O-O 15. Nf5 Qf6 16. Rb1 Kh8 17. b3 Qg6 18. Bb2 f6 19. Kh1 Na5 20. f4 Nc6 21. Rf3 Qe8 22. Qe2 g6 23. Nh6 Nd4 24. Bxd4 Bxd4 25. Rd1 c5 26. Ng4 f5 {½-½ Skiba,M-Zochowski,K POL-chT U19 2nd League 2007 (7)}) ({RR} 12. Bxb7 Nxb7 13. c3 O-O 14. Bd2 a5 15. Qb3 bxc3 16. bxc3 Bb6 17. d4 Rb8 18. Qd5 exd4 19. cxd4 Qf6 20. Rab1 Rfe8 21. Bc3 Qe6 22. Nd2 Qd7 23. Nc4 Nd8 24. Qb5 Qxb5 25. Rxb5 Rxe4 26. Rfb1 Rc8 {½-½ Dvirnyy,D (2512)-Stromboli,C (2306) ITA-chT 50th 2018 (3.2)}) 12... Bxe3 13. fxe3 Bxd5 14. exd5 O-O 15. Qe1 c5 16. b3 f6 17. e4 Ra7 18. Nh4 Raf7 19. Nf5 Nb7 20. Rf3 Kh8 21. Qh4 c4 22. dxc4 Nc5 23. Raf1 Nd7 24. Kh1 Qb6 25. g4 g5 26. Qf2 Qc7 27. Qe3 a5 28. R1f2 Rd8 29. h4 gxh4 30. Rh2 Nf8 31. Nh6 Ng6 32. Nxf7+ Qxf7 33. Qh6 Qe7 34. Rf5 Rf8 35. Rhf2 Rf7 36. g5 Qd7 37. Kh2 Qa7 38. gxf6 Qd4 39. Qd2 Qxe4 40. Qd3 Qe1 41. Rf1 Qg3+ 42. Qxg3 hxg3+ 43. Kxg3 Nf4 44. R1xf4 exf4+ 45. Kxf4 Kg8 46. c5 dxc5 47. Ke5 Kf8 48. Ke6 Ra7 49. d6 Ra8 50. Rxc5 Re8+ 51. Kd5 Kf7 52. d7 Rd8 53. Kd6 Kxf6 54. Rc8 1-0

[Event "Olympiad Women 2024"]
[Site "Budapest HUN"]
[Date "2024.09.20"]
[Round "9.26"]
[Board "3"]
[White "Duque, Raquel Dos Santos"]
[Black "Miranda Llanes, Yerisbel"]
[Result "0-1"]
[WhiteElo "1913"]
[BlackElo "2294"]
[PlyCount "94"]
[EventDate "2024.09.11"]
[WhiteTeam "Portugal"]
[BlackTeam "Cuba"]
[WhiteTeamCountry "POR"]
[BlackTeamCountry "CUB"]

1. d4 Nf6 2. Nf3 d5 3. g3 c5 4. Bg2 cxd4 5. O-O h6 6. b3 e6 7. Bb2 Bc5 8. Nxd4 O-O 9. c4 e5 10. Nf3 e4 11. Nd4 dxc4 ({RR} 11... Nc6 12. Nxc6 bxc6 13. cxd5 cxd5 14. Nc3 e3 15. f4 Bb7 16. Na4 Bb4 17. Qd4 Bd2 18. Nc5 Bc6 19. Bc1 Ne4 20. Bxd2 exd2 21. e3 Qb6 22. Nxe4 dxe4 23. Qxd2 Rfd8 24. Qf2 Rd3 25. Rfe1 Rad8 26. Re2 {1-0 Samunenkov,I (2535)-Bjerre,J (2653) 57th Biel GM2 Blitz 2024 (10.1)}) 12. bxc4 Na6 $146 ({RR} 12... Nc6 13. Nb3 Be7 14. Nc3 Be6 15. Nxe4 Nxe4 16. Bxe4 Bxc4 17. Qc2 Be6 18. Nc5 Bxc5 19. Qxc5 Qb6 20. Qc3 f6 21. Rfb1 Rfd8 22. Qf3 Qc7 23. Bc3 Rac8 24. Rc1 Qf7 25. Rd1 f5 26. Rxd8+ Nxd8 27. Bb1 {1-0 Stremavicius,T (2544)-Kanov,N (2392) 23rd ch-EUR Indiv 2023 (2.67)}) ({RR} 12... Nc6 13. Nb3 Bd6 14. N1d2 e3 15. Bxf6 exf2+ 16. Rxf2 gxf6 17. Ne4 Be5 18. Qxd8 Rxd8 19. Nxf6+ Kg7 20. Raf1 Be6 21. Bd5 Bh3 22. Nh5+ Kh8 23. Rb1 Nb4 24. Rxf7 Nxd5 25. cxd5 Rxd5 26. Nf4 Bxf4 27. gxf4 {1-0 Motylev,A (2582)-Bilych,O (2434) Cristina Foisor Mem Rapid 2024 (7.6)}) ({RR} 12... Qb6 13. Nb3 Rd8 14. Qc2 Na6 15. Bxf6 Qxf6 16. Nc3 e3 17. Nxc5 Nxc5 18. fxe3 Qe5 19. Nd5 Be6 20. Kh1 Re8 21. Qd2 Rac8 22. Qd4 Qg5 23. Rab1 b6 24. Rf2 Nd7 25. Rf4 Rc5 26. Rb5 Rec8 27. h4 {0-1 Cabezas Solano,D (2196)-Esmeraldas Huachi,A (2081) Pan American-ch U20 2022 (3)}) ({RR} 12... Qe7 13. Nb3 Bd6 14. c5 Be5 15. Bxe5 Qxe5 16. N1d2 Na6 17. Qc2 e3 18. f4 Qh5 19. Ne4 Nxe4 20. Bxe4 Rb8 21. f5 Bd7 22. Rad1 Bc6 23. Bxc6 bxc6 24. Nd4 Rb7 25. Qe4 Rc7 26. Qxe3 Nxc5 27. Qe5 {1-0 Hakemi,A (2412)-Neelash,S (2436) Asian Juniors 2022 (7.2)}) 13. e3 Nb4 14. Nd2 Re8 15. N2b3 Bf8 16. Nb5 Bf5 17. Qxd8 Rexd8 18. Bxf6 gxf6 19. N3d4 Bg6 20. a3 Nd3 21. Nc3 Nc5 22. Rfd1 Bd6 23. Rab1 Be5 24. Nd5 Kg7 25. Bh3 b6 26. Nc6 Re8 27. Nxe5 Rxe5 28. Nc7 Rb8 29. Rd6 Bf5 30. Bxf5 Rxf5 31. Rb5 Re5 32. Nd5 Re6 33. Rxe6 fxe6 34. Nf4 Rd8 35. a4 Rd1+ 36. Kg2 Ra1 37. Rb4 Kf7 38. Ne2 Rxa4 39. Rxa4 Nxa4 40. Nd4 Nb2 41. Nb5 a5 42. Nd6+ Ke7 43. Nc8+ Kd7 44. Nxb6+ Kc6 45. c5 Kxc5 46. Nd7+ Kb4 47. Nb6 Nc4 0-1

[Event "Olympiad Women 2024"]
[Site "Budapest HUN"]
[Date "2024.09.20"]
[Round "9.26"]
[Board "4"]
[White "Forgas Moreno, Yaniela"]
[Black "Avelino, Camila Biscaya"]
[Result "1/2-1/2"]
[WhiteElo "2203"]
[BlackElo "1843"]
[PlyCount "121"]
[EventDate "2024.09.11"]
[WhiteTeam "Cuba"]
[BlackTeam "Portugal"]
[WhiteTeamCountry "CUB"]
[BlackTeamCountry "POR"]

1. f4 d5 2. Nf3 Bg4 3. Ne5 Bf5 4. d3 ({RR} 4. c4 Nd7 5. cxd5 Nxe5 6. fxe5 Qxd5 7. d4 O-O-O 8. e3 e6 9. Nc3 Bb4 10. Qa4 Qa5 11. Qxa5 Bxa5 12. Bd2 Ne7 13. Rc1 Kb8 14. Na4 Bxd2+ 15. Kxd2 f6 16. exf6 gxf6 17. Bd3 Rdg8 18. g3 b6 {½-½ Bocharov,I (2489)-Nepomniachtchi,I (2728) RUS-chT blitz 2015 (10.9)}) 4... e6 ({RR} 4... Nd7 5. g3 Nxe5 6. fxe5 e6 7. Bg2 Ne7 8. O-O c5 9. c4 Bg6 10. Nc3 d4 11. Qa4+ Qd7 12. Nb5 Nc6 13. Bf4 Be7 14. Qa3 O-O 15. Nd6 b6 16. Qa4 Rac8 17. Nxc8 Rxc8 18. Qa6 h5 19. a3 {1-0 Lymar,V (2156)-Wendt,J (2278) Titled Tue 2nd Jan Late 2024 (3)}) 5. c3 $146 ({RR} 5. g3 Nf6 6. Bg2 Bc5 7. Nc3 c6 8. e4 Bg6 9. Nxg6 hxg6 10. Qe2 Na6 11. f5 gxf5 12. exf5 Nc7 13. Bg5 Be7 14. d4 Qd7 15. O-O-O O-O-O 16. fxe6 Nxe6 17. Be3 Rde8 18. h4 Bb4 19. Bh3 Bxc3 {0-1 Permuy Lorenzo,C (2245)-Gomez Baillo,J (2420) Pontevedra2 1992 (6)}) ({RR} 5. g3 Nd7 6. Nxd7 Qxd7 7. Bg2 Nf6 8. e3 c6 9. O-O Be7 10. Nd2 Qc7 11. h3 h6 12. Qe1 O-O-O 13. e4 dxe4 14. dxe4 Bh7 15. c3 Rd7 16. Nc4 Bc5+ 17. Kh2 Re8 18. b4 Bf8 19. Be3 Kb8 {1-0 Paulet,I (2315)-Zainullina,N (2173) EU-ch (Women) 10th 2009 (5)}) ({RR} 5. g3 Nf6 6. Bg2 Bc5 7. c3 Nbd7 8. e3 Nxe5 9. fxe5 Ng4 10. d4 Be7 11. h3 Bxb1 12. Rxb1 Nh6 13. e4 Bg5 14. exd5 exd5 15. Qh5 Bxc1 16. Rxc1 c6 17. O-O O-O 18. Rf4 Qa5 19. a3 Qb5 {½-½ Nicholls,L (1793)-Tamimi,N Dunedin Sutton Trophy 2015 (1)}) 5... Bc5 6. e3 Nd7 7. Nxd7 Qxd7 8. Be2 Nf6 9. O-O h5 10. b4 Bb6 11. Na3 Bg4 12. Nc2 Kf8 13. Ne1 Kg8 14. h3 Bxe2 15. Qxe2 c5 16. Nf3 Rc8 17. bxc5 Bxc5 18. Bd2 Ne8 19. Ne5 Qc7 20. Rab1 Bd6 21. Nf3 a6 22. g3 b5 23. Kg2 e5 24. fxe5 Bxe5 25. Nxe5 Qxe5 26. Qf3 Nf6 27. Rb4 Rh6 28. Qf5 Qxf5 29. Rxf5 Rg6 30. Kf3 Kf8 31. g4 hxg4+ 32. hxg4 Ke7 33. g5 Ke6 34. e4 dxe4+ 35. dxe4 Nd7 36. a4 Ne5+ 37. Ke2 bxa4 38. Bf4 Nd7 39. Rxa4 Rc6 40. Rfa5 Ke7 41. Ra3 Rge6 42. Kf3 f6 43. Rd5 Rc4 44. Rd4 Rc5 45. gxf6+ gxf6 46. Rb3 Rb5 47. Rxb5 axb5 48. Rb4 Rc6 49. Bd2 Ne5+ 50. Ke3 Nc4+ 51. Ke2 Nxd2 52. Kxd2 Rc5 53. Kd3 Ke6 54. Rd4 f5 55. exf5+ Rxf5 56. Kc2 Rd5 57. Rh4 Kd6 58. Kb3 Kc5 59. Rh8 Rd6 60. Rg8 Rh6 61. Rg5+ 1/2-1/2

[Event "Olympiad Women 2024"]
[Site "Budapest HUN"]
[Date "2024.09.20"]
[Round "9.27"]
[Board "1"]
[White "Kanyamarala, Trisha"]
[Black "Cramling, Pia"]
[Result "0-1"]
[WhiteElo "2179"]
[BlackElo "2425"]
[PlyCount "74"]
[EventDate "2024.09.11"]
[WhiteTeam "Ireland"]
[BlackTeam "Sweden"]
[WhiteTeamCountry "IRL"]
[BlackTeamCountry "SWE"]

1. d4 Nf6 2. c4 e6 3. Nf3 d5 4. Nc3 c6 5. e3 Nbd7 6. Bd3 dxc4 7. Bxc4 b5 8. Bb3 b4 9. Ne2 Bb7 10. O-O c5 11. Nf4 Bd6 12. Ng5 Bxf4 13. exf4 h6 ({RR} 13... O-O 14. Be3 Qe7 15. Rc1 h6 16. dxc5 Rac8 17. c6 {½-½ Sokolov,I (2580)-Hort,V (2580) Dortmund-A 1989}) 14. Nf3 O-O 15. Be3 Rc8 $146 ({RR} 15... Ng4 16. Bd2 a5 17. h3 Ngf6 18. Rc1 Rc8 19. Be3 Qe7 20. Re1 Nd5 21. Bxd5 Bxd5 22. dxc5 Nxc5 23. Qe2 Nd7 24. Rxc8 Rxc8 {½-½ Zheliandinov,V (2402)-Sveshnikov,E (2563) Bled op 20th 1999 (4)}) 16. Rc1 Qa5 17. Ne5 Rfd8 18. Qe2 Nxe5 19. fxe5 cxd4 20. exf6 dxe3 21. Qxe3 Rxc1 22. Rxc1 Qg5 23. Qxg5 hxg5 24. fxg7 Rd2 25. Bc2 Bd5 26. b3 Kxg7 27. Kf1 Kf6 28. h3 a5 29. Ke1 Rd4 30. f3 Ke5 31. Ke2 Kf4 32. Bd3 Kg3 33. Ke3 e5 34. Rc2 Be6 35. Rc5 Rd5 36. Rc2 Rxd3+ 37. Kxd3 Bf5+ 0-1

[Event "Olympiad Women 2024"]
[Site "Budapest HUN"]
[Date "2024.09.20"]
[Round "9.27"]
[Board "2"]
[White "Cramling Bellon, Anna"]
[Black "O'Gorman, Alice"]
[Result "1-0"]
[WhiteElo "2066"]
[BlackElo "1996"]
[PlyCount "75"]
[EventDate "2024.09.11"]
[WhiteTeam "Sweden"]
[BlackTeam "Ireland"]
[WhiteTeamCountry "SWE"]
[BlackTeamCountry "IRL"]

1. d4 d5 2. c4 e6 3. Nc3 a6 4. cxd5 exd5 5. Nf3 c6 6. Qc2 Bd6 7. Bg5 Ne7 8. e3 h6 9. Bh4 Bf5 10. Qxf5 Nxf5 11. Bxd8 Kxd8 12. Bd3 Ne7 13. O-O $146 ({RR} 13. e4 dxe4 14. Nxe4 Kc7 15. Nxd6 Kxd6 16. Ne5 Rf8 17. O-O-O Nd7 18. Bc4 f6 19. Nd3 Nd5 20. Bxd5 cxd5 21. Rhe1 Rfe8 22. f3 b6 23. Rxe8 Rxe8 24. Re1 Rxe1+ 25. Nxe1 Nb8 26. Kd2 Nc6 27. Kc3 Ne7 {½-½ Cyborowski,L (2484)-Haba,P (2454) Legnica Voivoda Cup 36th 2022 (6)}) ({RR} 13. Ne5 Bxe5 14. dxe5 Nd7 15. f4 f6 16. exf6 Nxf6 17. e4 dxe4 {½-½ Fominyh,A (2193)-Markov,M (2324) Issykkul Open 2023 (2.14)}) 13... Nd7 14. e4 dxe4 15. Nxe4 Bc7 16. Nc5 Rb8 17. Rfe1 g6 18. Bc4 Nd5 19. g3 N7f6 20. Rad1 Bd6 21. Ne5 Rf8 22. Rd3 Kc7 23. Rf3 Bxe5 24. dxe5 Nd7 25. Bxd5 cxd5 26. Rc3 Nxc5 27. Rxc5+ Kb6 28. Rxd5 Rbd8 29. Red1 Rxd5 30. Rxd5 Re8 31. Rd6+ Kc7 32. f4 Re7 33. Kf2 h5 34. Kf3 a5 35. g4 hxg4+ 36. Kxg4 f5+ 37. Kg5 Rh7 38. Rd2 1-0

[Event "Olympiad Women 2024"]
[Site "Budapest HUN"]
[Date "2024.09.20"]
[Round "9.27"]
[Board "3"]
[White "Gora, Antonina"]
[Black "Valcu, Lavinia"]
[Result "1/2-1/2"]
[WhiteElo "1943"]
[BlackElo "2076"]
[PlyCount "81"]
[EventDate "2024.09.11"]
[WhiteTeam "Ireland"]
[BlackTeam "Sweden"]
[WhiteTeamCountry "IRL"]
[BlackTeamCountry "SWE"]

1. e4 c5 2. Nf3 d6 3. d4 cxd4 4. Nxd4 Nf6 5. Nc3 a6 6. f3 e5 7. Nb3 Be7 8. Be3 Be6 9. Qd2 h5 10. Nd5 Nxd5 11. exd5 Bf5 12. O-O-O Nd7 13. Kb1 Rc8 14. Bd3 Bxd3 15. Qxd3 Bg5 16. Bf2 Bh6 17. h4 Qf6 $146 ({RR} 17... Qc7 18. g4 hxg4 19. fxg4 Bf4 20. g5 Qc4 21. Rhe1 g6 22. Re4 Qxd3 23. Rxd3 f6 24. gxf6 Nxf6 25. Re2 Rh7 26. Nd4 Re7 27. Nf3 e4 28. Rd4 exf3 29. Rxe7+ Kxe7 30. Rxf4 Nxd5 31. Rxf3 Rf8 32. Rxf8 {½-½ Juvan,J (2140)-Skuhala,B (2098) SLO-chT1 East 2019 (6.2)}) 18. Nd2 Bxd2 19. Qxd2 Nc5 20. Rde1 O-O 21. Be3 Rc7 22. Qd1 Rfc8 23. g4 Na4 24. Bg5 Qg6 25. Rh2 Rc5 26. Re4 Nb6 27. Rd2 f6 28. Be3 Nc4 29. Bxc5 Nxd2+ 30. Qxd2 Rxc5 31. b4 Rc8 32. Kb2 b5 33. gxh5 Qxh5 34. Rg4 f5 35. Qg5 Qxg5 36. Rxg5 Rc4 37. a3 Rd4 38. h5 Kh7 39. Rxf5 Rxd5 40. f4 Kh6 41. fxe5 1/2-1/2

[Event "Olympiad Women 2024"]
[Site "Budapest HUN"]
[Date "2024.09.20"]
[Round "9.27"]
[Board "4"]
[White "Zaritovskaja, Margarita"]
[Black "Putar, Lara"]
[Result "0-1"]
[WhiteElo "2009"]
[BlackElo "1911"]
[PlyCount "110"]
[EventDate "2024.09.11"]
[WhiteTeam "Sweden"]
[BlackTeam "Ireland"]
[WhiteTeamCountry "SWE"]
[BlackTeamCountry "IRL"]

1. e4 e6 2. Nf3 d5 3. Nc3 Nf6 4. e5 Nfd7 5. d4 c5 6. dxc5 Nc6 7. Bf4 Bxc5 8. Bd3 h6 9. Qe2 g5 ({RR} 9... a6 10. O-O-O g5 11. Bg3 Qa5 12. h4 d4 13. Nb1 b5 14. a3 b4 15. axb4 Nxb4 16. Bc4 Nb6 17. Bb3 Bd7 18. Nxd4 Ba4 19. Na3 Bxd4 20. Rxd4 Bxb3 21. cxb3 Na2+ 22. Kb1 Qxa3 23. Qf3 Qc5 24. Rc4 {0-1 Saravanan,V (2428)-Barua,D (2494) IND-ch New Delhi 2001 (3)}) 10. Bg3 g4 11. Nd2 h5 12. Nb5 $146 ({RR} 12. Nb3 Bb4 13. Qe3 Qb6 14. Qxb6 axb6 15. Bb5 h4 16. Bf4 Rh5 17. h3 Ndxe5 18. hxg4 Nxg4 19. f3 Nf6 20. Be3 Bd7 21. Bxb6 Ne5 22. Bxd7+ Nfxd7 23. Bd4 Nc6 24. g4 Rh7 25. Bf2 O-O-O 26. Ke2 h3 {1-0 Renner,K-Bach,M (2300) BL2-Nord 9394 1993 [5]}) ({RR} 12. O-O-O Qg5 13. Kb1 h4 14. f4 Qh6 15. Bf2 Qxf4 16. Rhf1 Bxf2 17. Rxf2 Qg5 18. Nb3 Ndxe5 19. Nb5 Ke7 20. Nc7 Rb8 21. Bb5 Bd7 22. c4 dxc4 23. Bxc4 Rbc8 24. Nb5 Nb4 25. Rxd7+ Nxd7 26. Rxf7+ Kxf7 {0-1 Hort,M (1952)-Gudbrandsen,G (2275) Fagernes GM Swiss Aut 2023 (1.35)}) 12... a6 13. Nd6+ Bxd6 14. exd6 Qf6 15. h4 Nc5 16. O-O e5 17. c4 d4 18. f4 gxf3 19. Nxf3 Bg4 20. Be4 Nxe4 21. Qxe4 Bxf3 22. Rxf3 Qxd6 23. b4 Qg6 24. Qe2 O-O-O 25. b5 d3 26. Qf2 Nd4 27. Rf6 Ne2+ 28. Kh2 Qxg3+ 29. Qxg3 Nxg3 30. Kxg3 d2 31. Rd1 e4 32. bxa6 bxa6 33. Rxa6 Rhg8+ 34. Kf2 Kb7 35. Rf6 Rd7 36. Ke3 Rxg2 37. Kxe4 Re2+ 38. Kf3 Re1 39. Rxd2 Rxd2 40. Rxf7+ Kc6 41. Rh7 Re5 42. Kf4 Rde2 43. Rh6+ Kc5 44. Rh8 Kxc4 45. Rc8+ Rc5 46. Rd8 Rxa2 47. Rd7 Rg2 48. Ra7 Rg4+ 49. Kf3 Kd3 50. Ra3+ Rc3 51. Ra8 Rxh4 52. Rd8+ Rd4 53. Re8 Kc2+ 54. Kf2 h4 55. Kg2 h3+ 0-1

[Event "Olympiad Women 2024"]
[Site "Budapest HUN"]
[Date "2024.09.20"]
[Round "9.28"]
[Board "1"]
[White "Gong, Qianyun"]
[Black "Dolgova, Olga"]
[Result "1/2-1/2"]
[WhiteElo "2250"]
[BlackElo "2171"]
[PlyCount "159"]
[EventDate "2024.09.11"]
[WhiteTeam "Singapore"]
[BlackTeam "Norway"]
[WhiteTeamCountry "SIN"]
[BlackTeamCountry "NOR"]

1. e4 c6 2. d4 d5 3. e5 Bf5 4. h4 a6 5. h5 h6 6. g4 Bd7 7. Nd2 e6 8. Nb3 c5 9. dxc5 Bxc5 10. Nxc5 Qa5+ 11. c3 Qxc5 12. Nf3 Ne7 $146 ({RR} 12... Qc7 13. Bf4 Nc6 14. Bd3 Nge7 15. Qd2 Nc8 16. O-O Nb6 17. b4 Na7 18. Rfc1 Nc4 19. Qe2 Rc8 20. a4 Qd8 21. Nd4 O-O 22. Bg3 Qe8 23. Bc2 g6 24. Qd3 Kg7 25. Nf3 Nb2 26. Qe3 Nxa4 27. Bxa4 {1-0 Tzagarakis,P (1997)-Gkaripis,M (1515) GRE-chT2 48th 2021 (5.2)}) 13. Bd3 Qc7 14. Qe2 Nbc6 15. Bf4 O-O-O 16. Rc1 Kb8 17. b4 Rc8 18. a3 Ka8 19. Bg3 Qb6 20. O-O Na7 21. Nd2 g6 22. hxg6 fxg6 23. c4 h5 24. g5 Nac6 25. c5 Qd8 26. Nb3 h4 27. Bf4 Qf8 28. Bd2 Nf5 29. Qg4 Nxe5 30. Qe2 Nxd3 31. Qxd3 Bb5 32. Qh3 Bxf1 33. Rxf1 Qe8 34. Re1 Qd7 35. Bf4 Rhe8 36. Be5 Qa4 37. Qc3 Rc6 38. Na5 Rcc8 39. Rb1 Red8 40. Kh2 d4 41. Qf3 Rd5 42. Nc4 Rc6 43. Rc1 Ka7 44. Qf4 Rd8 45. Bc7 Re8 46. Na5 Rc8 47. Bb6+ Ka8 48. Qf3 Qb5 49. Nc4 Re8 50. Qb3 Rcc8 51. a4 Qc6 52. b5 Qe4 53. bxa6 Qf4+ 54. Kh3 Rc6 55. axb7+ Kb8 56. Rb1 Ne3 57. Nxe3 dxe3 58. Qxe3 Qxe3+ 59. fxe3 Kxb7 60. Rf1 Re7 61. Kxh4 e5 62. a5 Rce6 63. Kg4 Rh7 64. Rf6 Rhe7 65. Bd8 Re8 66. Rf7+ Kc6 67. Bb6 Ra8 68. e4 Kb5 69. Rf6 Rae8 70. Rf1 Ra8 71. Rb1+ Kc6 72. Rf1 Kb5 73. Rb1+ Kc6 74. Rf1 Kb5 75. Kg3 Kc6 76. Rd1 Kb5 77. Rb1+ Kc6 78. Rf1 Kb5 79. Rf7 Kc6 80. Rf1 1/2-1/2

[Event "Olympiad Women 2024"]
[Site "Budapest HUN"]
[Date "2024.09.20"]
[Round "9.28"]
[Board "2"]
[White "Koskela, Niina"]
[Black "Pang, Kay Yan Eden"]
[Result "1-0"]
[WhiteElo "2173"]
[BlackElo "1847"]
[PlyCount "145"]
[EventDate "2024.09.11"]
[WhiteTeam "Norway"]
[BlackTeam "Singapore"]
[WhiteTeamCountry "NOR"]
[BlackTeamCountry "SIN"]

1. e4 c5 2. Nf3 e6 3. d3 Nc6 4. g3 d5 5. Nbd2 Nf6 6. Bg2 Bd6 7. O-O O-O 8. Re1 Bc7 9. Qe2 ({RR} 9. c3 e5 10. exd5 Nxd5 11. Nc4 Re8 12. Ng5 Be6 13. Nxe6 Rxe6 14. Qb3 Nb6 15. Be3 Qxd3 16. Nxb6 Bxb6 17. Rad1 Qf5 18. Rd5 Rf6 19. Qc4 Rc8 20. Qh4 h6 21. Red1 Rd8 22. Rxd8+ Nxd8 23. Be4 Qe6 {½-½ Kuzubov,Y (2634)-Socko,B (2643) AUT-chT 0910 2009 (11.2)}) 9... b6 10. Nf1 ({RR} 10. a3 Bb7 11. Nf1 h6 12. h4 e5 13. Ne3 dxe4 14. dxe4 Nxe4 15. Rd1 Qc8 16. Nd5 f5 17. b4 Kh8 18. Qc4 b5 19. Qxb5 Nd4 20. Nxd4 Bxd5 21. Ne2 Rb8 22. Qd3 Rd8 23. Qf3 cxb4 24. Qh5 Qa6 {0-1 Golubova,A (2118)-Alekseenko,M (2006) TCh-RUS Women 2024 (2.10)}) 10... h6 11. h4 a5 $146 ({RR} 11... Ba6 12. e5 Nd7 13. Bf4 b5 14. c3 Bb6 15. a3 c4 16. d4 Qe7 17. Ne3 Rfb8 18. Nc2 Bb7 19. g4 Nf8 20. h5 Nh7 21. Qd2 Bd8 22. Kh2 Rc8 23. Bh3 Ng5 24. Nxg5 hxg5 25. Be3 f6 26. f4 {½-½ Garnier Salvi,V-Szabo,K (2096) Budapest Elo 2001 (12)}) ({RR} 11... Bb7 12. e5 Nd7 13. Bf4 Bc8 14. c4 f6 15. cxd5 exd5 16. exf6 Nxf6 17. Ne5 Nd4 18. Qd1 Re8 19. Nf3 Bxf4 20. Nxd4 Bc7 21. Nb5 Be6 22. d4 a6 23. Nc3 Qd6 24. Ne3 Re7 25. dxc5 Qxc5 26. Ncxd5 {1-0 Mirza,D (1960)-Mutesi,P (1637) Olympiad Women-43 2018 (4.59)}) 12. e5 Nd7 13. Bf4 a4 14. a3 b5 15. N1h2 f5 16. exf6 Nxf6 17. Be5 b4 18. c3 Ra7 19. cxb4 cxb4 20. axb4 Nxb4 21. Bc3 Bd6 22. Rec1 Re8 23. Qd2 Qe7 24. Ne5 Bxe5 25. Bxe5 Ra6 26. Bxf6 gxf6 27. Qxh6 Qg7 28. Qd2 Nc6 29. d4 Na5 30. Qd3 Nc4 31. b3 axb3 32. Qxb3 Rb6 33. Qd1 Ba6 34. Rcb1 Reb8 35. Rxb6 Rxb6 36. Rb1 Qb7 37. Rxb6 Qxb6 38. Qg4+ Kf7 39. Qh5+ Kg7 40. Qg4+ Kf7 41. Nf3 Qb1+ 42. Kh2 Qc2 43. Qf4 Kg7 44. Qc7+ Kh6 45. Qf7 Qf5 46. Qf8+ Kh7 47. Qa8 Qc2 48. Qxa6 Qxf2 49. Ng1 Ne3 50. Qe2 f5 51. Qf3 Ng4+ 52. Kh1 Qd2 53. Nh3 Qxd4 54. Qe2 Kg7 55. Bf3 Ne5 56. Nf4 Kf6 57. Kg2 Kf7 58. Qc2 Nc4 59. Qd3 Ne3+ 60. Kh3 Qxd3 61. Nxd3 Kf6 62. Nf4 d4 63. Kh2 e5 64. Nd5+ Nxd5 65. Bxd5 f4 66. g4 d3 67. Kg2 d2 68. Bb3 e4 69. Kf2 e3+ 70. Kf3 Kg6 71. Bd1 e2 72. Bxe2 Kf6 73. Ke4 1-0

[Event "Olympiad Women 2024"]
[Site "Budapest HUN"]
[Date "2024.09.20"]
[Round "9.28"]
[Board "3"]
[White "Rice, Lauren"]
[Black "Ni, Viktorija"]
[Result "1/2-1/2"]
[WhiteElo "1824"]
[BlackElo "2163"]
[PlyCount "115"]
[EventDate "2024.09.11"]
[WhiteTeam "Singapore"]
[BlackTeam "Norway"]
[WhiteTeamCountry "SIN"]
[BlackTeamCountry "NOR"]

1. d4 Nf6 2. c4 g6 3. Nc3 Bg7 4. g3 O-O 5. Bg2 d6 6. e4 e5 7. Nge2 Nc6 8. d5 Nd4 9. O-O Re8 ({RR} 9... Nd7 10. Nxd4 exd4 11. Nb5 Ne5 12. Nxd4 Nxc4 13. b3 Ne5 14. h3 c5 15. dxc6 bxc6 16. f4 c5 17. fxe5 cxd4 18. exd6 Qxd6 19. e5 Qxe5 20. Bf4 Qc5 21. Rc1 Qa5 22. Bxa8 Bxh3 23. Bg2 Bxg2 24. Kxg2 {1-0 Iturrizaga Bonelli,E (2607)-Nagy,G (2495) Titled Tuesday intern op 15st Dec blitz 2020 (10)}) 10. Be3 Ng4 ({RR} 10... Nxe2+ 11. Qxe2 Ng4 12. Bd2 h5 13. h3 Nf6 14. Bg5 Qd7 15. b4 Nh7 16. Bd2 h4 17. gxh4 Qe7 18. h5 Qh4 19. hxg6 fxg6 20. Qd3 Ng5 21. Qg3 Nxh3+ 22. Kh2 Qh5 23. Bxh3 Rf8 24. Kg2 Bxh3+ 25. Qxh3 {1-0 Erdogmus,Y (2496)-Nagare Kaivalya Sandip (2095) Titled Tue 31st Oct Early 2023 (5)}) 11. Bxd4 $146 ({RR} 11. Nxd4 Nxe3 12. fxe3 exd4 13. exd4 c6 14. e5 dxe5 15. dxc6 exd4 16. Nb5 Re7 17. c7 Qd7 18. Bd5 a6 19. Qa4 d3 20. Qa3 axb5 21. Qxa8 bxc4 22. Bxb7 Bxb2 23. Bxc8 Qxc7 24. Rab1 c3 25. Bf5+ Kg7 {1-0 Stojanovic,M (2591)-Barlov,D (2475) SRB-chT Valjevo 2011 (11.4)}) 11... exd4 12. Nxd4 a6 13. Rc1 Qf6 14. Nce2 Bh6 15. Rc3 Qe7 16. Rc2 Bd7 17. h3 Nf6 18. Nc3 Rab8 19. a3 c5 20. dxc6 bxc6 21. Re2 c5 22. Nf3 Bc6 23. Rfe1 Bg7 24. Nh4 Qd7 25. Rd2 Qc7 26. Rxd6 Nd7 27. Rd2 Bd4 28. Rxd4 cxd4 29. Qxd4 Qe5 30. Qd2 Qc5 31. Bf1 Ne5 32. b4 Qe7 33. Qe3 Qe6 34. Nd5 Bxd5 35. exd5 Qd7 36. Qc3 Qd6 37. Bg2 Qf6 38. Qc2 g5 39. Nf5 Nf3+ 40. Bxf3 Rxe1+ 41. Kg2 Qa1 42. Kh2 Qxa3 43. Qd2 Qc1 44. Qd4 Qa1 45. Nh6+ Kf8 46. Qa7 Qf6 47. Qxb8+ Re8 48. Qa7 Qxf3 49. Qd4 Re1 50. Qh8+ Ke7 51. Ng8+ Kd7 52. Nf6+ Kc7 53. Ne8+ Rxe8 54. Qxe8 Qxf2+ 55. Kh1 Qf1+ 56. Kh2 Qf2+ 57. Kh1 Qf1+ 58. Kh2 1/2-1/2